[Event "Danish Senior CHP for 50+ and 65+"]
[Site "Nyhavnsgade 14, 2. sal. 9000 Aalborg"]
[Date "2022.02.21"]
[Round "2.10"]
[White "Nielsen, Christian Volmer"]
[Black "Thuesen, Mogens Henrik"]
[Result "0-1"]
[BlackElo "2145"]
[WhiteElo "1958"]
[LiveChessVersion "1.4.8"]

1. e4 {[%clk 1:30:57]} c5 {[%clk 1:30:21]} 2. c3 {[%clk 1:30:55]} Nf6
{[%clk 1:29:58]} 3. e5 {[%clk 1:31:19]} Nd5 {[%clk 1:30:23]} 4. d4
{[%clk 1:31:22]} cxd4 {[%clk 1:30:42]} 5. Nf3 {[%clk 1:31:12]} d6
{[%clk 1:30:20]} 6. cxd4 {[%clk 1:31:17]} e6 {[%clk 1:30:26]} 7. Nc3
{[%clk 1:30:52]} Nxc3 {[%clk 1:30:39]} 8. bxc3 {[%clk 1:31:13]} Qc7
{[%clk 1:30:55]} 9. Bd2 {[%clk 1:30:55]} Nc6 {[%clk 1:30:35]} 10. exd6
{[%clk 1:30:07]} Bxd6 {[%clk 1:30:55]} 11. Bd3 {[%clk 1:30:09]} b6
{[%clk 1:18:26]} 12. Qe2 {[%clk 1:25:40]} Ne7 {[%clk 1:09:20]} 13. c4
{[%clk 1:15:41]} Bb7 {[%clk 1:07:11]} 14. Rc1 {[%clk 1:12:14]} Bf4
{[%clk 0:49:12]} 15. Be3 {[%clk 1:06:48]} O-O {[%clk 0:47:59]} 16. g3
{[%clk 1:01:45]} Bxe3 {[%clk 0:42:52]} 17. fxe3 {[%clk 1:01:12]} e5
{[%clk 0:38:31]} 18. d5 {[%clk 0:54:52]} Nxd5 {[%clk 0:31:28]} 19. O-O
{[%clk 0:48:54]} Nf6 {[%clk 0:30:57]} 20. e4 {[%clk 0:45:42]} Rad8
{[%clk 0:29:55]} 21. Nh4 {[%clk 0:44:25]} Qc5+ {[%clk 0:24:02]} 22. Rf2
{[%clk 0:41:36]} Rxd3 {[%clk 0:23:30]} 0-1

[Event "Danish Senior CHP for 50+ and 65+"]
[Site "Nyhavnsgade 14, 2. sal. 9000 Aalborg"]
[Date "2022.02.21"]
[Round "2.11"]
[White "Christiansen, Jens Jørgen"]
[Black "Knudsen, Ole"]
[Result "1/2-1/2"]
[BlackElo "1939"]
[WhiteElo "2080"]
[LiveChessVersion "1.4.8"]

1. d4 {[%clk 1:30:57]} e6 {[%clk 1:27:25]} 2. c4 {[%clk 1:31:01]} d5
{[%clk 1:27:16]} 3. Nf3 {[%clk 1:30:16]} c6 {[%clk 1:26:39]} 4. Nc3
{[%clk 1:30:17]} Nf6 {[%clk 1:26:35]} 5. e3 {[%clk 1:30:19]} Nbd7
{[%clk 1:23:15]} 6. Bd3 {[%clk 1:30:25]} dxc4 {[%clk 1:21:51]} 7. Bxc4
{[%clk 1:30:52]} b5 {[%clk 1:22:11]} 8. Bd3 {[%clk 1:31:08]} Bb7 {[%clk 1:22:14]}
9. e4 {[%clk 1:31:14]} b4 {[%clk 1:21:39]} 10. Na4 {[%clk 1:31:37]} c5
{[%clk 1:21:10]} 11. e5 {[%clk 1:31:59]} Nd5 {[%clk 1:21:24]} 12. O-O
{[%clk 1:32:23]} h6 {[%clk 1:11:45]} 13. Re1 {[%clk 1:28:37]} Qa5
{[%clk 1:06:56]} 14. b3 {[%clk 1:16:56]} Bc6 {[%clk 1:01:01]} 15. Nb2
{[%clk 1:15:24]} Nc3 {[%clk 0:59:41]} 16. Qc2 {[%clk 1:13:11]} Bxf3
{[%clk 0:52:46]} 17. gxf3 {[%clk 1:13:39]} cxd4 18. Be4 {[%clk 1:10:05]} Rc8
{[%clk 0:49:32]} 1/2-1/2

[Event "Danish Senior CHP for 50+ and 65+"]
[Site "Nyhavnsgade 14, 2. sal. 9000 Aalborg"]
[Date "2022.02.21"]
[Round "2.12"]
[White "Moestrup, Jørn"]
[Black "Pedersen, Karsten Nymann"]
[Result "1-0"]
[BlackElo "2073"]
[WhiteElo "1948"]
[LiveChessVersion "1.4.8"]

1. Nf3 {[%clk 1:30:57]} d5 {[%clk 1:30:50]} 2. d4 {[%clk 1:31:26]} Nf6
{[%clk 1:31:09]} 3. c4 {[%clk 1:31:52]} e6 {[%clk 1:31:27]} 4. Nc3
{[%clk 1:32:07]} Be7 {[%clk 1:31:26]} 5. Bf4 {[%clk 1:31:36]} c6 {[%clk 1:27:47]}
6. e3 {[%clk 1:31:41]} Nbd7 {[%clk 1:27:31]} 7. h3 {[%clk 1:31:58]} O-O
{[%clk 1:26:22]} 8. Bd3 {[%clk 1:29:17]} dxc4 {[%clk 1:26:34]} 9. Bxc4 b5
{[%clk 1:26:13]} 10. Bd3 {[%clk 1:28:58]} a6 {[%clk 1:25:46]} 11. e4
{[%clk 1:22:53]} c5 {[%clk 1:17:27]} 12. e5 {[%clk 1:23:23]} Nd5 {[%clk 1:17:24]}
13. Nxd5 {[%clk 1:22:23]} exd5 {[%clk 1:17:45]} 14. dxc5 {[%clk 1:15:36]} Nxc5
{[%clk 1:17:49]} 15. Bc2 {[%clk 1:15:29]} Ne6 {[%clk 1:15:49]} 16. Be3
{[%clk 1:13:41]} Bb4+ {[%clk 1:14:47]} 17. Kf1 {[%clk 1:14:09]} Bb7
{[%clk 1:14:03]} 18. h4 {[%clk 1:14:20]} Rc8 {[%clk 1:08:41]} 19. Bxh7+
{[%clk 1:14:16]} Kxh7 {[%clk 1:07:34]} 20. Ng5+ {[%clk 1:14:44]} Kg8
{[%clk 1:03:25]} 21. Qh5 {[%clk 1:14:31]} 1-0

[Event "Danish Senior CHP for 50+ and 65+"]
[Site "Nyhavnsgade 14, 2. sal. 9000 Aalborg"]
[Date "2022.02.21"]
[Round "2.13"]
[White "Davidsen, Niels Chr."]
[Black "Grønhøj, Søren"]
[Result "1/2-1/2"]
[BlackElo "2006"]
[WhiteElo "1937"]
[LiveChessVersion "1.4.8"]

1. f4 {[%clk 1:30:55]} d5 {[%clk 1:30:34]} 2. Nf3 {[%clk 1:30:49]} Nf6
{[%clk 1:29:50]} 3. e3 {[%clk 1:31:06]} c5 {[%clk 1:28:41]} 4. b3
{[%clk 1:28:57]} Bg4 {[%clk 1:27:08]} 5. Bb2 {[%clk 1:29:01]} a6 {[%clk 1:26:09]}
6. h3 {[%clk 1:28:07]} Bxf3 {[%clk 1:26:20]} 7. Qxf3 {[%clk 1:28:30]} e6
{[%clk 1:26:16]} 8. Be2 {[%clk 1:27:37]} Nc6 {[%clk 1:23:34]} 9. O-O
{[%clk 1:25:28]} Be7 {[%clk 1:18:43]} 10. d3 {[%clk 1:18:05]} d4 {[%clk 1:15:50]}
11. e4 {[%clk 1:18:11]} e5 {[%clk 1:11:27]} 12. f5 {[%clk 1:18:10]} Qd6
{[%clk 1:08:01]} 13. a4 {[%clk 1:15:48]} Kd7 {[%clk 1:03:05]} 14. Na3
{[%clk 1:14:24]} Qc7 {[%clk 1:01:31]} 15. Rac1 {[%clk 0:56:15]} Rag8
{[%clk 0:56:58]} 16. Qf2 {[%clk 0:52:38]} h5 {[%clk 0:53:39]} 17. Qe1
{[%clk 0:50:56]} h4 {[%clk 0:50:22]} 18. Qd1 {[%clk 0:50:51]} Kd8
{[%clk 0:47:51]} 19. Ra1 {[%clk 0:50:24]} g5 {[%clk 0:46:55]} 20. Bg4
{[%clk 0:49:33]} Nb8 {[%clk 0:44:58]} 21. Nc4 {[%clk 0:46:30]} a5
{[%clk 0:40:15]} 22. c3 {[%clk 0:43:15]} Nbd7 {[%clk 0:39:21]} 23. Qe2
{[%clk 0:40:21]} Nxg4 {[%clk 0:38:51]} 24. hxg4 {[%clk 0:39:28]} f6
{[%clk 0:37:51]} 25. Rf3 {[%clk 0:36:14]} Nb8 {[%clk 0:34:41]} 26. Rh3
{[%clk 0:33:15]} Nc6 {[%clk 0:34:26]} 27. Kf2 {[%clk 0:32:27]} Rh7
{[%clk 0:31:43]} 28. Rah1 {[%clk 0:31:04]} Rgh8 {[%clk 0:31:24]} 29. Kg1
{[%clk 0:29:55]} Bf8 {[%clk 0:31:15]} 30. Qe1 {[%clk 0:26:00]} dxc3
{[%clk 0:25:54]} 31. Qxc3 {[%clk 0:20:58]} b6 {[%clk 0:25:25]} 32. Ne3
{[%clk 0:19:43]} Nb4 {[%clk 0:23:24]} 33. Kf1 {[%clk 0:16:21]} Rd7
{[%clk 0:20:37]} 34. Nc4 {[%clk 0:16:36]} Kc8 {[%clk 0:19:20]} 35. Ke2
{[%clk 0:15:24]} Be7 {[%clk 0:19:13]} 36. Ba3 {[%clk 0:14:28]} Rhd8
{[%clk 0:19:23]} 37. Bxb4 {[%clk 0:14:42]} axb4 {[%clk 0:19:07]} 38. Qc2
{[%clk 0:14:58]} Kb7 {[%clk 0:18:04]} 39. Rd1 {[%clk 0:14:56]} Rd4
{[%clk 0:16:02]} 40. Ne3 {[%clk 0:14:18]} Qc6 {[%clk 0:15:23]} 41. Nd5
{[%clk 0:12:01]} R8xd5 {[%clk 0:15:33]} 42. exd5 {[%clk 0:12:24]} Qxd5
{[%clk 0:15:54]} 43. Rf3 {[%clk 0:10:32]} Rxg4 {[%clk 0:15:50]} 44. Kf2
{[%clk 0:10:16]} Rd4 {[%clk 0:13:04]} 45. Qa2 {[%clk 0:08:20]} g4
{[%clk 0:10:36]} 46. Re3 {[%clk 0:08:15]} Rf4+ {[%clk 0:10:53]} 47. Kg1
{[%clk 0:08:06]} Bd8 {[%clk 0:03:37]} 48. Rf1 {[%clk 0:05:34]} Qd4
{[%clk 0:02:14]} 49. Qe2 {[%clk 0:04:12]} Be7 {[%clk 0:29:42]} 50. g3
{[%clk 0:32:07]} hxg3 {[%clk 0:27:05]} 51. Kg2 {[%clk 0:30:25]} Qd5+
{[%clk 0:24:28]} 52. Kxg3 {[%clk 0:30:00]} Rxf1 {[%clk 0:24:21]} 53. Qxf1
{[%clk 0:30:09]} Kc6 {[%clk 0:19:54]} 54. Kxg4 {[%clk 0:29:37]} Qxb3
{[%clk 0:19:17]} 55. Qh1+ {[%clk 0:29:14]} Qd5 {[%clk 0:19:28]} 56. Qh8
{[%clk 0:26:36]} Qd8 {[%clk 0:16:21]} 57. Qh1+ {[%clk 0:25:26]} Qd5
{[%clk 0:16:15]} 58. Qh8 {[%clk 0:25:40]} 1/2-1/2

[Event "Danish Senior CHP for 50+ and 65+"]
[Site "Nyhavnsgade 14, 2. sal. 9000 Aalborg"]
[Date "2022.02.21"]
[Round "2.14"]
[White "Jørgensen, Jørgen"]
[Black "Pakmor, Claus"]
[Result "1-0"]
[BlackElo "1900"]
[WhiteElo "2167"]
[LiveChessVersion "1.4.8"]

1. Nf3 {[%clk 1:30:54]} d5 {[%clk 1:30:33]} 2. g3 {[%clk 1:31:13]} Nf6
{[%clk 1:30:55]} 3. Bg2 {[%clk 1:31:34]} e6 {[%clk 1:31:08]} 4. c4
{[%clk 1:31:28]} dxc4 {[%clk 1:30:22]} 5. Qc2 {[%clk 1:28:36]} c5
{[%clk 1:29:48]} 6. Qxc4 {[%clk 1:28:35]} Nc6 {[%clk 1:28:56]} 7. O-O
{[%clk 1:28:24]} Be7 {[%clk 1:27:55]} 8. d3 {[%clk 1:27:16]} Qc7 {[%clk 1:23:54]}
9. Bd2 {[%clk 1:22:19]} Bd7 {[%clk 1:21:17]} 10. a3 {[%clk 1:18:01]} Rc8
{[%clk 1:10:50]} 11. Rc1 {[%clk 1:11:57]} Qb8 {[%clk 1:04:00]} 12. Nc3
{[%clk 1:08:35]} O-O {[%clk 1:02:03]} 13. Ne4 {[%clk 0:59:18]} b6
{[%clk 0:44:21]} 14. Nxf6+ {[%clk 0:40:05]} Bxf6 {[%clk 0:44:32]} 15. Rab1
{[%clk 0:40:08]} Nd4 {[%clk 0:39:07]} 16. Nxd4 {[%clk 0:30:41]} cxd4
{[%clk 0:37:20]} 17. Qb3 {[%clk 0:29:58]} Rxc1+ {[%clk 0:37:01]} 18. Rxc1
{[%clk 0:30:25]} Rc8 {[%clk 0:37:14]} 19. Rc4 {[%clk 0:25:29]} b5
{[%clk 0:28:26]} 20. Rc2 {[%clk 0:24:31]} a6 {[%clk 0:26:29]} 21. Bb4
{[%clk 0:23:18]} Rxc2 {[%clk 0:23:10]} 22. Qxc2 {[%clk 0:23:37]} Qc8
{[%clk 0:23:15]} 23. Qxc8+ {[%clk 0:20:06]} Bxc8 {[%clk 0:23:39]} 24. Bc6
{[%clk 0:18:41]} g5 {[%clk 0:12:25]} 25. g4 {[%clk 0:13:01]} Bd8 {[%clk 0:11:19]}
26. Bc5 {[%clk 0:13:02]} e5 {[%clk 0:11:35]} 27. f3 {[%clk 0:10:11]} Kg7
{[%clk 0:11:40]} 28. Kf2 {[%clk 0:08:26]} Kf6 {[%clk 0:12:01]} 29. Be4
{[%clk 0:08:17]} Be7 {[%clk 0:10:50]} 30. Bxe7+ {[%clk 0:06:04]} Kxe7
{[%clk 0:11:11]} 31. Bxh7 {[%clk 0:06:18]} a5 {[%clk 0:11:13]} 32. b4
{[%clk 0:06:20]} axb4 {[%clk 0:11:14]} 33. axb4 {[%clk 0:06:48]} Bd7
{[%clk 0:11:13]} 34. Be4 {[%clk 0:06:34]} Kf6 {[%clk 0:11:29]} 35. Kg3
{[%clk 0:06:30]} Kg7 {[%clk 0:10:48]} 36. h4 {[%clk 0:06:22]} f6 {[%clk 0:11:09]}
37. h5 {[%clk 0:06:26]} Be8 {[%clk 0:10:48]} 38. Kf2 {[%clk 0:06:47]} Bd7
{[%clk 0:11:11]} 39. e3 {[%clk 0:07:08]} Be8 {[%clk 0:11:36]} 40. exd4
{[%clk 0:07:29]} exd4 {[%clk 0:12:04]} 41. Kg3 {[%clk 0:06:38]} Bd7
{[%clk 0:12:24]} 42. f4 {[%clk 0:06:25]} Kh6 {[%clk 0:11:37]} 43. f5
{[%clk 0:06:24]} 1-0

[Event "Danish Senior CHP for 50+ and 65+"]
[Site "Nyhavnsgade 14, 2. sal. 9000 Aalborg"]
[Date "2022.02.21"]
[Round "2.15"]
[White "Christiansen, Arne"]
[Black "Bohnstedt, Michael"]
[Result "1-0"]
[BlackElo "1415"]
[WhiteElo "2036"]
[LiveChessVersion "1.4.8"]

1. d4 {[%clk 1:30:55]} Nf6 {[%clk 1:30:43]} 2. c4 {[%clk 1:31:14]} e6
{[%clk 1:31:00]} 3. Nf3 {[%clk 1:31:21]} b6 {[%clk 1:31:05]} 4. g3
{[%clk 1:31:38]} Bb7 {[%clk 1:30:39]} 5. Bg2 {[%clk 1:32:01]} d5 {[%clk 1:29:11]}
6. O-O {[%clk 1:31:24]} Nc6 {[%clk 1:27:54]} 7. cxd5 {[%clk 1:30:34]} exd5
{[%clk 1:26:36]} 8. Nc3 {[%clk 1:29:31]} Be7 {[%clk 1:25:55]} 9. Bf4
{[%clk 1:26:53]} Bd6 {[%clk 1:24:09]} 10. Bg5 {[%clk 1:26:06]} Be7
{[%clk 1:23:28]} 11. Rc1 {[%clk 1:25:36]} h6 {[%clk 1:22:56]} 12. Bxf6
{[%clk 1:21:22]} Bxf6 {[%clk 1:22:49]} 13. e3 {[%clk 1:21:23]} O-O
{[%clk 1:22:22]} 14. Nd2 {[%clk 1:15:53]} Ne7 {[%clk 1:21:37]} 15. b4
{[%clk 1:15:38]} a6 {[%clk 1:20:44]} 16. Qb3 {[%clk 1:12:49]} c6 {[%clk 1:19:31]}
17. a4 {[%clk 1:12:58]} b5 {[%clk 1:17:11]} 18. Ne2 {[%clk 1:08:59]} Rc8
{[%clk 1:03:25]} 19. Nf4 {[%clk 1:08:14]} Ng6 {[%clk 0:56:39]} 20. Nd3
{[%clk 1:05:40]} Be7 {[%clk 0:52:47]} 21. Nc5 {[%clk 1:05:14]} Bxc5
{[%clk 0:52:38]} 22. Rxc5 {[%clk 1:05:31]} Re8 {[%clk 0:51:55]} 23. Nf3
{[%clk 0:55:54]} Qf6 {[%clk 0:49:24]} 24. Rfc1 {[%clk 0:54:14]} Rc7
{[%clk 0:44:43]} 25. axb5 {[%clk 0:49:49]} axb5 {[%clk 0:44:40]} 26. Rxb5
{[%clk 0:47:39]} Ra8 {[%clk 0:38:49]} 27. Ra5 {[%clk 0:47:03]} Rcc8
{[%clk 0:36:42]} 28. Rca1 {[%clk 0:46:46]} Qd8 {[%clk 0:36:26]} 29. h4
{[%clk 0:45:33]} h5 {[%clk 0:35:55]} 30. Ng5 {[%clk 0:45:20]} Nf8
{[%clk 0:34:11]} 31. Bh3 {[%clk 0:39:16]} Rcb8 {[%clk 0:34:00]} 32. Qc3
{[%clk 0:38:16]} Qe8 {[%clk 0:30:43]} 33. Rxa8 {[%clk 0:36:54]} Rxa8
{[%clk 0:28:58]} 34. Rxa8 {[%clk 0:36:22]} Bxa8 {[%clk 0:29:01]} 35. Bg2
{[%clk 0:32:46]} f6 {[%clk 0:28:50]} 36. Nf3 {[%clk 0:32:10]} Ng6
{[%clk 0:25:25]} 37. Nd2 {[%clk 0:31:26]} Bb7 {[%clk 0:23:34]} 38. Qc5
{[%clk 0:30:45]} Ne7 {[%clk 0:20:36]} 39. Bh3 {[%clk 0:26:20]} Kh8
{[%clk 0:16:31]} 40. Qd6 {[%clk 0:25:24]} Nc8 {[%clk 0:15:06]} 41. Qb8
{[%clk 0:23:23]} Ba6 {[%clk 0:13:04]} 42. Qa8 {[%clk 0:23:33]} 1-0

[Event "Danish Senior CHP for 50+ and 65+"]
[Site "Nyhavnsgade 14, 2. sal. 9000 Aalborg"]
[Date "2022.02.21"]
[Round "2.16"]
[White "Fjordside, Arne Dan"]
[Black "Skovgaard, Tom Nicolaj"]
[Result "0-1"]
[BlackElo "1936"]
[WhiteElo "1914"]
[LiveChessVersion "1.4.8"]

1. d4 {[%clk 1:30:56]} Nf6 {[%clk 1:30:43]} 2. Bf4 {[%clk 1:31:07]} d5
{[%clk 1:30:59]} 3. e3 {[%clk 1:31:13]} e6 {[%clk 1:31:08]} 4. Nd2
{[%clk 1:31:07]} Bd6 {[%clk 1:31:29]} 5. Bg3 {[%clk 1:31:10]} O-O
{[%clk 1:30:34]} 6. Bd3 {[%clk 1:31:15]} c5 {[%clk 1:30:49]} 7. c3
{[%clk 1:31:34]} b6 {[%clk 1:30:53]} 8. Ngf3 {[%clk 1:31:03]} Nc6
{[%clk 1:30:18]} 9. Ne5 {[%clk 1:30:01]} Bb7 {[%clk 1:30:35]} 10. f4
{[%clk 1:28:52]} Ne7 {[%clk 1:29:39]} 11. Bh4 {[%clk 1:25:45]} Ne4
{[%clk 1:26:21]} 12. Bxe7 {[%clk 1:09:08]} Qxe7 {[%clk 1:25:31]} 13. O-O
{[%clk 1:05:45]} cxd4 {[%clk 1:17:16]} 14. cxd4 {[%clk 1:00:08]} Rac8
{[%clk 1:06:33]} 15. Qe2 {[%clk 0:56:03]} f6 {[%clk 1:00:17]} 16. Nef3
{[%clk 0:40:27]} g6 {[%clk 0:49:07]} 17. Rac1 {[%clk 0:33:56]} Rc7
{[%clk 0:43:43]} 18. Rxc7 {[%clk 0:30:04]} Qxc7 {[%clk 0:41:45]} 19. Nb3
{[%clk 0:29:35]} Rc8 {[%clk 0:41:13]} 20. Rc1 {[%clk 0:28:49]} Qxc1+
{[%clk 0:40:06]} 21. Nxc1 {[%clk 0:26:36]} Rxc1+ {[%clk 0:40:21]} 22. Ne1
{[%clk 0:26:21]} Bb4 {[%clk 0:40:44]} 0-1

[Event "Danish Senior CHP for 50+ and 65+"]
[Site "Nyhavnsgade 14, 2. sal. 9000 Aalborg"]
[Date "2022.02.21"]
[Round "2.17"]
[White "Rostgaard, Bjarne"]
[Black "Pedersen, Børge"]
[Result "1/2-1/2"]
[BlackElo "1881"]
[WhiteElo "1454"]
[LiveChessVersion "1.4.8"]

1. d4 {[%clk 1:12:14]} Nf6 {[%clk 1:29:45]} 2. c4 {[%clk 1:08:50]} e6
{[%clk 1:29:11]} 3. Nc3 {[%clk 1:09:05]} d5 {[%clk 1:28:24]} 4. Bg5
{[%clk 1:08:43]} Be7 {[%clk 1:25:51]} 5. e3 {[%clk 1:07:04]} Nbd7
{[%clk 1:23:38]} 6. Nf3 {[%clk 1:06:58]} O-O {[%clk 1:23:22]} 7. Bd3
{[%clk 1:05:46]} dxc4 {[%clk 1:21:16]} 8. Bxc4 {[%clk 1:05:56]} c5
{[%clk 1:20:52]} 9. O-O {[%clk 1:05:11]} Nb6 {[%clk 1:17:02]} 10. Bd3
{[%clk 1:02:39]} cxd4 {[%clk 1:13:51]} 11. Nxd4 {[%clk 0:59:22]} Nfd5
{[%clk 1:11:34]} 12. Bxe7 {[%clk 0:58:41]} Qxe7 {[%clk 1:09:50]} 13. a3
{[%clk 0:56:25]} Nxc3 {[%clk 1:09:04]} 14. bxc3 {[%clk 0:56:46]} e5
{[%clk 1:05:51]} 15. Nf5 {[%clk 0:51:28]} Bxf5 {[%clk 0:57:40]} 16. Bxf5
{[%clk 0:51:38]} g6 {[%clk 0:56:10]} 17. Bh3 {[%clk 0:49:59]} Qc5
{[%clk 0:53:58]} 18. Qb3 {[%clk 0:50:00]} Kg7 {[%clk 0:48:29]} 19. g3
{[%clk 0:47:10]} Qe7 {[%clk 0:37:50]} 20. a4 {[%clk 0:43:15]} Rfd8
{[%clk 0:35:37]} 21. Bg2 {[%clk 0:42:21]} e4 {[%clk 0:33:20]} 22. Rfd1
{[%clk 0:39:47]} Rac8 {[%clk 0:26:49]} 23. Rd4 {[%clk 0:38:06]} Rxd4
{[%clk 0:24:37]} 24. cxd4 {[%clk 0:37:27]} f5 {[%clk 0:22:56]} 25. Rb1
{[%clk 0:32:44]} Rc7 {[%clk 0:22:34]} 26. Bf1 {[%clk 0:31:46]} Nc8
{[%clk 0:22:13]} 27. Qb2 {[%clk 0:30:56]} Kh6 {[%clk 0:20:46]} 28. h4
{[%clk 0:25:36]} b6 {[%clk 0:20:26]} 29. Ba6 {[%clk 0:20:02]} Nd6
{[%clk 0:19:42]} 30. Rc1 {[%clk 0:19:46]} Nf7 {[%clk 0:18:53]} 31. Rc3
{[%clk 0:18:57]} g5 {[%clk 0:18:03]} 32. hxg5+ {[%clk 0:16:14]} Kxg5
{[%clk 0:17:12]} 33. Qc2 {[%clk 0:16:20]} Rxc3 {[%clk 0:16:56]} 34. Qxc3
{[%clk 0:16:31]} h5 {[%clk 0:12:57]} 1/2-1/2

[Event "Danish Senior CHP for 50+ and 65+"]
[Site "Nyhavnsgade 14, 2. sal. 9000 Aalborg"]
[Date "2022.02.21"]
[Round "2.18"]
[White "Mortensen, Steen Juul"]
[Black "Stald, Flemming"]
[Result "1-0"]
[BlackElo "1745"]
[WhiteElo "1888"]
[LiveChessVersion "1.4.8"]

1. d4 {[%clk 1:30:58]} d5 {[%clk 1:30:47]} 2. Nf3 {[%clk 1:30:33]} Nf6
{[%clk 1:30:49]} 3. c4 {[%clk 1:30:36]} c6 {[%clk 1:31:02]} 4. Nc3
{[%clk 1:30:54]} Bf5 {[%clk 1:29:32]} 5. cxd5 {[%clk 1:30:03]} cxd5
{[%clk 1:29:41]} 6. Qb3 {[%clk 1:29:24]} Bc8 {[%clk 1:24:25]} 7. Bf4
{[%clk 1:28:02]} a6 {[%clk 1:23:15]} 8. e3 {[%clk 1:27:58]} e6 {[%clk 1:22:37]}
9. Bd3 {[%clk 1:27:34]} Be7 {[%clk 1:20:28]} 10. h3 {[%clk 1:25:49]} Nc6
{[%clk 1:16:58]} 11. O-O {[%clk 1:23:05]} O-O {[%clk 1:16:47]} 12. Rfc1
{[%clk 1:19:55]} Nd7 {[%clk 1:12:20]} 13. Na4 {[%clk 1:04:36]} Ra7
{[%clk 0:59:15]} 14. a3 {[%clk 0:56:58]} f5 {[%clk 0:54:11]} 15. Qc2
{[%clk 0:53:05]} Nf6 {[%clk 0:41:45]} 16. Nc5 {[%clk 0:41:27]} Ne4
{[%clk 0:38:59]} 17. Nxa6 {[%clk 0:30:28]} Nxd4 {[%clk 0:35:02]} 18. Nxd4
{[%clk 0:26:39]} bxa6 {[%clk 0:27:04]} 19. Nc6 {[%clk 0:26:22]} Qb6
{[%clk 0:26:16]} 20. Nxa7 {[%clk 0:26:40]} Qxa7 {[%clk 0:26:38]} 21. Qc7
{[%clk 0:25:16]} Qxc7 {[%clk 0:26:55]} 22. Rxc7 {[%clk 0:24:54]} Bf6
{[%clk 0:26:50]} 23. Rac1 {[%clk 0:19:38]} e5 {[%clk 0:26:09]} 24. Bxe5
{[%clk 0:17:53]} Bxe5 {[%clk 0:26:29]} 25. Rxc8 {[%clk 0:17:52]} Bxb2
{[%clk 0:26:23]} 26. Rxf8+ {[%clk 0:17:29]} Kxf8 {[%clk 0:26:45]} 27. Rc8+
{[%clk 0:13:50]} Kf7 {[%clk 0:26:52]} 28. a4 {[%clk 0:13:10]} a5 {[%clk 0:27:02]}
29. Bxe4 {[%clk 0:13:16]} 1-0